00568nam a2200181 a 450000100060000000300090000600800410001502000150005604000280007108200180009910000190011724500100013626000280014630000090017450501580018365000220034165000230036323045CO-ViMGA141112s2004 ck r 000 u spa d a8434222213 aCO-ViMGAbspacCO-ViMGA04a684.083 G413t1 aGibert, Vicenc10aTorno aEspaña : bParramòn a64p. aLa iniciacion, El oficio de tornero, Analisis del material y sus derivados, La tecnica, Trabajos previos, Acbados en el torno. La practica, Caja de puros14aTORNOS MECANICOS 14aTRABAJOS EN MADERA